| 000 | 00489nam a2200181 a 4500 | ||
|---|---|---|---|
| 001 | 000033069 | ||
| 003 | DO-SdBNP | ||
| 005 | 20250129121827.0 | ||
| 007 | ta | ||
| 008 | 110809s1948 dr 000 0 spa d | ||
| 040 |
_aDO-SdBNP _bspa _cBNPHU |
||
| 049 | _aBNPD | ||
| 100 | 1 |
_aGatón Arce, Freddy, _d1920-1994 _97946 |
|
| 245 | 1 | 3 |
_aLa leyenda de la muchacha / _cFreddy Gatón Arce. |
| 260 |
_aSanto Domingo : _bEditora del Caribe, _c1948. |
||
| 300 |
_a31 p. ; _c27 cm. |
||
| 942 |
_2ddc _cLF2 |
||
| 999 |
_c32560 _d32560 |
||